Procesos de integración en América Latina: mecanismos y obstáculos /
El proceso de integración económica surgido en las últimas décadas no ha tenido en América Latina, una evolución importante. Hasta el momento no se ha definido un marco económico (nacional y regional), que permitan hacer realidad ésta integración. Esta consiste básicamente en promover la actividad...
Guardado en:
| Autor principal: | |
|---|---|
| Otros Autores: | |
| Formato: | Libro |
| Lenguaje: | Spanish |
| Materias: | |
| Etiquetas: |
Agregar Etiqueta
Sin Etiquetas, Sea el primero en etiquetar este registro!
|
MARC
| LEADER | 00000nam a22000007a 4500 | ||
|---|---|---|---|
| 003 | cru CIDCACS/IIS | ||
| 005 | 20200925161337.0 | ||
| 007 | ta | ||
| 008 | 170426s1990 mx ||||| |||| 00| 0 spa d | ||
| 040 | |c CRAI/IIS |a CRAI/IIS | ||
| 100 | 1 | |9 4417 |a Bendesky, León | |
| 245 | 1 | |a Procesos de integración en América Latina: |b mecanismos y obstáculos / |c León Bendesky, Fernando Sánchez | |
| 300 | |a páginas 618-626 | ||
| 520 | |a El proceso de integración económica surgido en las últimas décadas no ha tenido en América Latina, una evolución importante. Hasta el momento no se ha definido un marco económico (nacional y regional), que permitan hacer realidad ésta integración. Esta consiste básicamente en promover la actividad productiva, incentivar las inversiones, dirigir hacia estas actividades el financiamiento interno y externo, buscar la inserción activa en los mercados internacionales. Entre los grandes problemas que ha enfentado este proceso se encuentran basicamente: bajo comercio intraregional caracterizado por polos de desarrollo (comercio con Brazil, Argentina y otro con los Estados Unidos), las políticas de libre comercio impulsadas por el Gatt, no son cumplidas por los países desarrollados (proteccionismo, dumping), el Banco Mundial advierte a los países desarrollados para que liberen sus economías y su comercio exterior para aumentar su participación en el mercado internacional, y mejorar la productividad y eficiencia de sus industrias. Concluye reconociendo la vulnerabilidad externa de nuestras economías que la integración económica se ha orientado básicamente al comercio y no a fortalecer las actividades productivas y económicas, fortalecer las relaciones regionales que los patrones de producción , consumo y distribución del ingreso se deben tomar en cuenta en cualquier proceso de integración económica y por último en el debate sobre la integración reaparece la discusión sobre la relación entre el Estado y el mercado, su papel, funciones y objetivos. AR/MR | ||
| 650 | 4 | |9 2645 |a COOPERACION INTERNACIONAL | |
| 650 | 4 | |9 2642 |a INTEGRACION ECONOMICA | |
| 650 | 1 | 0 | |9 304 |a COMERCIO EXTERIOR |
| 650 | 1 | 0 | |9 1816 |a RELACIONES NORTE SUR |
| 650 | 1 | 0 | |a RELACION DE INTERCAMBIO |9 1630 |
| 650 | 4 | |9 2671 |a LIBRE COMERCIO | |
| 650 | 4 | |9 2659 |a PROMOCION DE LAS EXPORTACIONES | |
| 650 | 1 | 0 | |9 381 |a INTEGRACION REGIONAL |
| 650 | 4 | |9 3250 |a MERCADO | |
| 650 | 4 | |9 2661 |a FMI | |
| 650 | 4 | |9 2662 |a BANCO MUNDIAL | |
| 650 | 1 | 0 | |9 2142 |a DESARROLLO ECONOMICO |
| 650 | 4 | |9 4370 |a GATT | |
| 650 | 1 | 0 | |9 3620 |a POLOS DE CRECIMIENTO |
| 650 | 0 | |9 4419 |a ESTADISTICAS COMERCIALES | |
| 700 | 1 | |9 4418 |a Sánchez, Fernando | |
| 773 | 0 | |0 18962 |9 686 |a Banco Nacional de Comercio Exterior. |d México, D.F Banco Nacional de Comercio Exterior. Departamento de Publicaciones |o MFN0133 |t Comercio Exterior : | |
| 942 | |2 ddc |c PP | ||
| 999 | |c 19238 |d 19238 | ||
